000
00322nam a2200133 4500
020
_a
968-26-0649-7
050
_a
TJ260 H747
082
_a
536.2 H893t
100
_a
Holman P.
245
_a
Transferencia de calor./ P.Holman
260
_a
Mexico:Continental.
300
_a
621p./23cm.
650
_a
1.TRANSFERENCIA DE CALOR.
999
_c
25761
_d
25761